| 000 | 01004nab a2200193 i 4500 | ||
|---|---|---|---|
| 001 | BPP | ||
| 003 | BPK | ||
| 005 | 20191005110903.0 | ||
| 008 | 151214s2006 pl n f |000 0pol | ||
| 040 | _cBPK | ||
| 100 |
_aBach-Dąbrowska, Irena _eAutor _d2006 - . _bPolitechnika Koszalińska - Wydział Elektroniki i Informatyki, _cKatedra Podstaw Informatyki i Zarządzania |
||
| 245 |
_aUwarunkowana niepewnością ocena efektów wdrożenia systemu klasy ERP ARS z zastosowaniem modelowania i wnioskowania rozmytego / _cLilianna Ważna, Irena Bach, Zbigniew Banaszak. |
||
| 260 | _c2006. | ||
| 500 | _aDane z bibliografii załącznikowej. | ||
| 650 | 0 | _aModelowanie i sterowanie rozmyte. | |
| 700 |
_aBANASZAK, Zbigniew. _d2003 - . _bPolitechnika Koszalińska - Wydział Elektroniki i Informatyki, _cKatedra Telekomunikacji |
||
| 773 |
_iW : _tInżynieria produkcji : technologia, informacja, innowacja. - _dZielona Góra : Oficyna Wydawnicza Uniwersytetu Zielonogórskiego, 2006 |
||
| 942 |
_cART _2UKD |
||
| 999 |
_c775 _d775 |
||